| 000 | 00819nam a2200253 i 4500 | ||
|---|---|---|---|
| 001 | 32220 | ||
| 003 | ES-MaACL | ||
| 005 | 20250831121908.0 | ||
| 007 | t| | ||
| 008 | 030130s1953 sp ||||1| spa d | ||
| 100 | 1 |
_aBernatzik, Hugo Adolf. _928305 |
|
| 245 | 1 | 0 |
_aMares del sur / _cHugo Adolf Bernatzik ; traducción del alemán por Manuel Tamayo. |
| 250 | _a1ª ed. | ||
| 260 |
_aBarcelona : _bDestino, _c[1953] ( _fClarasó) |
||
| 300 |
_a242 p., 85 lám. : _bil. ; _c22 cm. |
||
| 490 | 1 | _aSer o no ser | |
| 651 | 4 |
_aIslas Salomón- _xDescripción. _9169053 |
|
| 651 | 4 |
_aNueva Guinea- _xDescripción. _9169054 |
|
| 651 | 4 |
_aBali- _xDescripción. _9169055 |
|
| 700 | 1 |
_aTamayo, Manuel, _d1917-1977 _9160966 |
|
| 830 | 0 |
_aSer o no ser _9181425 |
|
| 852 |
_aES-MaACL _jC-5863 _bR.34571 |
||
| 999 |
_c32220 _d32220 |
||